Famous Spaniards by Picture - Statistics

General Stats
  • This quiz has been taken 148 times
  • The average score is 10 of 16
Answer Stats
Picture Hint Answer % Correct
1881–1973 Pablo Picasso
93%
1904–1989 Salvador Dalí
89%
1986– Rafael Nadal
84%
1974– Penélope Cruz
80%
1892–1975 Francisco Franco
77%
1975– Enrique Iglesias
72%
1960– Antonio Banderas
69%
1969– Javier Bardem
66%
1971– Pep Guardiola
62%
1984– Andrés Iniesta
58%
1981– Fernando Alonso
55%
1599–1660 Diego Velázquez
45%
1547–1616 Miguel de Cervantes
43%
1746–1828 Francisco Goya
41%
1949– Pedro Almodóvar
40%
1992– Rosalía
36%
No matching quizzes found
Score Distribution
Percent of People with Each Score
Percentile by Number Answered
Your Score History
You have not taken this quiz